000 00403nam a2200145 a 4500
001 000032578
005 20200930065721.0
008 110719s18uu dr 000 0 spa d
040 _aDO-SdBNP
_bspa
_cBNPHU
245 3 _aEl Padre Billini.
260 _c[ Santo Domigo ] :
_bs.n.],
_c[180?].
300 _a228 p. :
_bil, retrs. ;
_c29 cm.
500 _aIncluye notas al pie de las páginas
049 _aBNPD
999 _c32069
_d32069